Earthquake engineering. (Record no. 550611)
[ view plain ]
| 000 -LEADER | |
|---|---|
| fixed length control field | 00728mam a2200193 4500 |
| 020 ## - INTERNATIONAL STANDARD BOOK NUMBER | |
| International Standard Book Number | 0132226464 |
| 082 00 - DEWEY DECIMAL CLASSIFICATION NUMBER | |
| Classification number | 624.1762 |
| Author Mark | EAR |
| -- | L-15, P-54 |
| 245 00 - TITLE STATEMENT | |
| Title | Earthquake engineering. |
| Statement of responsibility, etc. | Contributing authors: Bruce A. Bolt [and others] Robert L. Wiegel, coordinating editor. |
| 260 ## - PUBLICATION, DISTRIBUTION, ETC. | |
| Place of publication, distribution, etc. | Englewood Cliffs, N.J., |
| Name of publisher, distributor, etc. | Prentice-Hall |
| Date of publication, distribution, etc. | [1970] |
| 300 ## - PHYSICAL DESCRIPTION | |
| Extent | ix, 518 p. |
| Other physical details | illus., maps. |
| Dimensions | 29 cm. |
| 500 ## - GENERAL NOTE | |
| General note | Modeled on a series of lectures given in 1965 at the University of California, Berkeley. |
| 526 ## - STUDY PROGRAM INFORMATION NOTE | |
| Program name | 0 |
| Interest level | 0 |
| Reading level | 0 |
| Title point value | 624_176200000000000_EAR |
| 650 #0 - SUBJECT ADDED ENTRY--TOPICAL TERM | |
| Topical term or geographic name entry element | Earthquake engineering. |
| 650 #0 - SUBJECT ADDED ENTRY--TOPICAL TERM | |
| Topical term or geographic name entry element | Earthquakes. |
| 9 (RLIN) | 42903 |
| 650 #0 - SUBJECT ADDED ENTRY--TOPICAL TERM | |
| Topical term or geographic name entry element | MCE |
| 9 (RLIN) | 379 |
| 700 1# - ADDED ENTRY--PERSONAL NAME | |
| Personal name | Bolt, Bruce A., |
| 9 (RLIN) | 47326 |
| 700 1# - ADDED ENTRY--PERSONAL NAME | |
| Personal name | Wiegel, Robert L., |
| 9 (RLIN) | 25120 |
| 942 ## - ADDED ENTRY ELEMENTS (KOHA) | |
| Source of classification or shelving scheme | |
| Koha item type | Book |
| Withdrawn status | Lost status | Source of classification or shelving scheme | Damaged status | Not for loan | Permanent Location | Current Location | Date acquired | Total Checkouts | Full call number | Barcode | Date last seen | Price effective from | Koha item type |
|---|---|---|---|---|---|---|---|---|---|---|---|---|---|
| Military College of Engineering (MCE) | Military College of Engineering (MCE) | 11/17/2014 | 624.1762 EAR | MCE-3609 | 11/17/2014 | 03/14/2021 | Book |
